La constitución de la sociedad: bases para la teoría de la estructuración

Saved in:
Bibliografiske detaljer
Hovedforfatter: Giddens, Anthony (Author)
Format: Bog
Sprog:spansk
Udgivet: Buenos Aires Amorrortu 1995
Udgivelse:1a. ed
Serier:Biblioteca de Sociología
Fag:
Tags: Tilføj Tag
Ingen Tags, Vær først til at tagge denne postø!

MARC

LEADER 00000nam a2200000 a 4500
001 UCK3272
003 CL-VaPUC
008 050422e19950000AG |||||||||||||||||spa|d
020 |a 950518171X 
082 0 4 |a 305  |b GID  |2 21 
100 0 |a Giddens, Anthony  |e author  |9 467769 
245 1 3 |a La constitución de la sociedad: bases para la teoría de la estructuración 
250 |a 1a. ed 
300 |a 412 p 
942 |c BK 
945 |d 20050422 00:00:00  |a cmena 
260 |a Buenos Aires  |b Amorrortu  |c 1995 
650 0 |a Grupos sociales  |9 268887 
650 7 |a ESTRUCTURA SOCIAL  |2 CL-VaPUC  |9 491343 
650 0 |a Relaciones sociales  |9 376480 
650 0 |a Cambio social   |9 256857 
583 |a last modification  |c 20050422 00:00:00  |k Rodrigo Vera 
490 0 |a Biblioteca de Sociología 
999 |c 312529  |d 312527 
952 |0 0  |1 0  |4 0  |6 305_000000000000000_GID_1995  |7 0  |8 R  |9 382962  |a BIBGIM  |b BIBGIM  |d 2019-11-21  |i 4115031  |o 305 GID 1995  |p 4115031  |r 2025-01-15  |w 2019-11-21  |y BK_R  |k SSL 
952 |0 0  |1 0  |4 0  |6 305_000000000000000_GID_1995  |7 0  |8 R  |9 382963  |a BIBGIM  |b BIBGIM  |d 2019-11-21  |i 4311574  |o 305 GID 1995  |p 4311574  |r 2025-01-15  |w 2019-11-21  |y BK_R  |k SSL 
952 |0 0  |1 0  |4 0  |6 305_000000000000000_GID_1995  |7 0  |8 R  |9 382964  |a BIBGIM  |b BIBGIM  |d 2019-11-21  |i 4311566  |o 305 GID 1995  |p 4311566  |r 2025-01-15  |w 2019-11-21  |y BK_R  |k SSL